000 00446nam a22001697a 4500
003 OSt
005 20211115110241.0
008 211115b |||||||| |||| 00| 0 eng d
020 _a978-0-333-60084-9
040 _cHAWASSA UNIVERSITY
050 _a638.10913/PAT
_b2
082 _a638.10913/PAT
_b2
100 _aPATERSON DAVID PETER
_qPATERSON DAVID PETER
_918325
245 _aBEEKEEPING
260 _aNAIROBI
_bCTA
_c2006
942 _2ddc
_cBOOKS
_n0
999 _c18194
_d18194